000 01211nam0a2200289 4500
001 RU\NLR\ONL2\21817
005 20260419043635.0
035 _a(NLR Aleph) 009669401
090 _a13658185
_c13658185
100 _a20111222d1957 u y0rusy50 ca
101 0 _aaze
102 _aAZ
105 _ay |||||||||
200 1 _aПамбыг, буғда вә картоф биткисинин дуза давамлылығы
_fЗ. С. Әзизбәjова
_gАзССР элмлэр акад-сы В. Л. Комаров адына ботаника ин-ту
210 _aБакы
_cВ. Л. Комаров адына ботаника ин-ту
_d1957
215 _a128 с.
_d20
320 _aБиблиогр.: с. 124-127
541 1 _6z01790
_aСолеустойчивость растений хлопка, пшеницы и картофеля
_zrus
700 1 _aӘзизбәjова
_bЗ. С.
_gЗибеjдә Салмаг гызы
_4070
790 1 _6z01541
_aАзизбекова
_bЗ. С.
_gЗибейда Салмаг кызы
_4070
801 0 _aRU
_bNLR
_c20111228
_gPSBO
852 _aNLR
_bОНЛ
_jАзерб./2-8701
942 _cBOOK
980 _aONL_RF
980 _aNB